A constructive survey of Upanishadic philosophy; (Record no. 86014)

MARC details
000 -LEADER
fixed length control field 00883cam a2200265 4500
001 - CONTROL NUMBER
control field sa 68014740
003 - CONTROL NUMBER IDENTIFIER
control field DLC
005 - DATE AND TIME OF LATEST TRANSACTION
control field 20260227112635.0
008 - FIXED-LENGTH DATA ELEMENTS--GENERAL INFORMATION
fixed length control field 700217s1968 ii b 000 0 eng
010 ## - LIBRARY OF CONGRESS CONTROL NUMBER
LC control number sa 68014740
025 ## - OVERSEAS ACQUISITION NUMBER
Overseas acquisition number PL480:I-E-11064
040 ## - CATALOGING SOURCE
Original cataloging agency DLC
Transcribing agency DLC
Modifying agency DLC
050 00 - LIBRARY OF CONGRESS CALL NUMBER
Classification number BL1120
Item number .R3 1968
082 00 - DEWEY DECIMAL CLASSIFICATION NUMBER
Classification number 294.5/921
100 1# - MAIN ENTRY--PERSONAL NAME
Personal name Ranade, R. D.
Fuller form of name (Ramchandra Dattatraya).
245 12 - TITLE STATEMENT
Title A constructive survey of Upanishadic philosophy;
Remainder of title being an introduction to the thought of the Upanishads,
Statement of responsibility, etc. by R. D. Ranade.
250 ## - EDITION STATEMENT
Edition statement [2d ed.]
260 ## - PUBLICATION, DISTRIBUTION, ETC.
Place of publication, distribution, etc. Bombay,
Name of publisher, distributor, etc. Bharatiya Vidya Bhavan,
Date of publication, distribution, etc. 1968.
300 ## - PHYSICAL DESCRIPTION
Extent xxx, 340 p.
Dimensions 26 cm.
350 ## - PRICE (NR) (BK AM CF MU VM SE) [OBSOLETE]
Price 20.00
504 ## - BIBLIOGRAPHY, ETC. NOTE
Bibliography, etc. note List of author's other works included in the appendix: p. 339-340.
504 ## - BIBLIOGRAPHY, ETC. NOTE
Bibliography, etc. note Bibliographical footnotes.
630 00 - SUBJECT ADDED ENTRY--UNIFORM TITLE
Uniform title Upanishads
General subdivision Criticism, interpretation, etc.
650 #0 - SUBJECT ADDED ENTRY--TOPICAL TERM
Topical term or geographic name entry element Hindu philosophy.

No items available.

Powered by Koha